00743cam a22002535i 450000500170000000800410001702000250005802000220008302000220010502000250012704100080015208200180016010000190017824500880019725000120028526000280029730000160032550000340034165000160037565000320039165000290042370000200045270000170047220240301172509.0141016s2014 cau 000 0 eng  a9781446259153 (hbk.) a1446259153 (hbk.) a1446259161 (pbk.) a9781446259160 (pbk.) aeng a364.25bFerC21 aFerrell, Jeff.10aCultural Criminology :bAn Invitation /cJeff Ferrell, Keith Haywar and Jock Young. a2nd Ed. aLondon :bSage,cc2015. axviii,286p. aMinimal Level Cataloging Plus 0aCriminology 0aCrimexSociological Aspects 0aCrime in Popular Culture aHayward, Keith. aYoung, Jock.